Statistics for Memes of the 2010s

Click here to take the quiz!

General Stats

  • This quiz has been taken 50 times
  • The average score is 10 of 19

Answer Stats

Answer% Correct
Kermit
87%
Baby Yoda
85%
Spongebob
85%
Airpods
79%
Doge
77%
Harambe
68%
Twerking
64%
Mr. Worldwide
62%
Moth
60%
Drake
57%
420
55%
planking
53%
Overly Attached Girlfriend
40%
Pawn Stars
36%
Harlem Shake
34%
Alex Jones
32%
Keemstar
32%
Gangnam Style
28%
THE RENT IS TOO DAMN HIGH
15%

Score Distribution

Percentile by Number Answered

Percent of People with Each Score

Your Score History

You have not taken this quiz